| 000 | 01360nam a2200349 a 4500 | ||
|---|---|---|---|
| 001 | 00194 | ||
| 003 | DO-SdBNP | ||
| 005 | 20180312085334.0 | ||
| 007 | 00194 | ||
| 008 | 091123s2000 dr 2000 000 0 spa d | ||
| 020 | _a9788482612298 | ||
| 040 |
_aBNPHU _bspa _cBNPHU |
||
| 092 |
_a372.83 _bA473s 1ro. 2000 |
||
| 100 | 1 | _4Álvarez, María José | |
| 245 | 1 | 0 |
_aSociedad 1 : _b[educación básica] / _cMaría José Alvarez ; dirección editorial Obdulia García de Escobar |
| 260 |
_aSanto Domingo : _bSantillana, _c2000. |
||
| 300 |
_a111 p. : _bil., mapa, retrs. ; _c28 cm. |
||
| 490 | 1 | _aUmbral | |
| 505 | 0 |
_tCómo somos -- _tLa casa y la calle -- _tLa escuela -- _tEl barrio y la comunidad -- _tEl campo y la ciudad -- _tLas necesidades -- _tEl trabajo y la producción -- _tLa nación. |
|
| 650 | 4 |
_aCIENCIAS SOCIALES _xENSEÑANZA BÁSICA |
|
| 650 | 4 |
_aCIENCIAS SOCIALES _xEDUCACIÓN PRIMARIA |
|
| 650 | 4 |
_aCIENCIAS SOCIALES _xLIBROS DE TEXTOS |
|
| 650 | 4 |
_aCIENCIAS SOCIALES _xESTUDIOS Y EJERCICIOS |
|
| 650 | 4 |
_aEDUCACIÓN PRIMARIA _zREPÚBLICA DOMINICANA |
|
| 700 | 1 |
_aGarcía Escobar, Obdulia, _e ed. |
|
| 830 | 0 | _aUmbral | |
| 910 | _aValidado. Control de calidad MFF | ||
| 942 |
_2ddc _cBK |
||
| 945 | _aRemanejado para la BNPHU /2018 VM | ||
| 956 |
_aVMATEO _b10 _c20150708 _lBPMSU _h00151 |
||
| 956 |
_aBTAVÁREZ _b10 _c20160414 _lBPMSU _h00193 |
||
| 999 |
_c7948 _d7948 |
||